XXI. kongres SI a SDĽ modernizácia a nová vízia pre Slovensko

Bibliographic Details
Main Author: Weiss, Peter, 1952- (Author)
Format: Article
Language:Slovak
Subjects:

MARC

LEADER 00000nab a2200000 a 4500
001 vtls000754756
003 SK-MaSNL
005 20260303184039.0
008 180206c1999 xo 0 slo
015 |a SNBRB2001/04-11474 
035 |a CLN000106543 
040 |a SNKBUCL  |b slo  |c SNKBUCL  |e AACR2 
041 0 |a slo 
044 |a xo  |c SK 
080 |a 329.14(437.6)SDĽ:327.323  |2 UDC-MRF-SK2 
080 |a 327.323  |2 UDC-MRF-SK2 
100 1 |a Weiss, Peter,  |d 1952-  |4 aut  |9 103279 
214 1 1 |a Dvadsiaty prvý kongres SI a SDĽ 
245 1 0 |a XXI. kongres SI a SDĽ  |b modernizácia a nová vízia pre Slovensko  |c Peter Weiss 
246 1 3 |a Dvadsiaty prvý kongres SI a SDĽ 
300 |b Fotogr. 
610 2 7 |a Strana demokratickej ľavice  |2 snkbucl  |9 165260 
610 7 |a Socialistická internacionála  |b Kongres  |d 1999  |2 snkbucl  |9 890177 
655 7 |a články z novín a časopisov  |2 snkbucl  |9 267496 
773 0 |x 1335-468X  |t Slovo. Politicko-spoločenský týždenník  |g Roč. 1, č. 43 (1999), s. 6 
850 |a Slovenská národná knižnica v Martine 
852 |a SNK  |b KIS3GCP 
958 |a RBX 
999 |c 2124635  |d 2126565